Bajang Amad (Record no. 532068)

000 -LEADER
fixed length control field 00662nam a22002297a 4500
003 - CONTROL NUMBER IDENTIFIER
control field Nust
005 - DATE AND TIME OF LATEST TRANSACTION
control field 20191107121738.0
008 - FIXED-LENGTH DATA ELEMENTS--GENERAL INFORMATION
fixed length control field 170216b xxu||||| |||| 00| 0 eng d
020 ## - INTERNATIONAL STANDARD BOOK NUMBER
International Standard Book Number 9694960452
038 ## - RECORD CONTENT LICENSOR
Staff Name MSOHAIL
040 ## - CATALOGING SOURCE
Transcribing agency Nust
082 ## - DEWEY DECIMAL CLASSIFICATION NUMBER
Classification number 355.0092
Author Mark MUH
100 ## - MAIN ENTRY--PERSONAL NAME
Personal name Col.Muhammad Khan
9 (RLIN) 25364
245 ## - TITLE STATEMENT
Title Bajang Amad
Statement of responsibility, etc. Muhammad Khan
260 ## - PUBLICATION, DISTRIBUTION, ETC.
Place of publication, distribution, etc. Islamabad:
Name of publisher, distributor, etc. Dost publications,
Date of publication, distribution, etc. 2008
300 ## - PHYSICAL DESCRIPTION
Extent 224 p.
546 ## - LANGUAGE NOTE
Language note In Urdu
880 ## - ALTERNATE GRAPHIC REPRESENTATION
Linkage 100-01\(3\r
Title محمد خان
880 ## - ALTERNATE GRAPHIC REPRESENTATION
Linkage 245-02\(3\r
Title بجنگ آمد
c خان محمد
880 ## - ALTERNATE GRAPHIC REPRESENTATION
Linkage 260-03\(3\r
Title اسلام آباد:
b دوست پبلی کیشنز،
c 2008
942 ## - ADDED ENTRY ELEMENTS (KOHA)
Koha item type Book
Source of classification or shelving scheme
Holdings
Withdrawn status Lost status Source of classification or shelving scheme Damaged status Not for loan Permanent Location Current Location Date acquired Total Checkouts Full call number Barcode Date last seen Date last checked out Price effective from Koha item type
          School of Civil and Environmental Engineering (SCEE) School of Civil and Environmental Engineering (SCEE) 11/07/2019 1 355.0092 MUH NIT-11971 07/07/2022 03/03/2021 11/07/2019 Book
© 2023 Central Library, National University of Sciences and Technology. All Rights Reserved.